[Event "Open de Rouen 2009"]
[Site "Rouen"]
[Date "2009.12.19"]
[Round "1.2"]
[White "Le Clezio, Sylvain"]
[Black "Libiszewski, Fabien"]
[Result "1/2-1/2"]
[WhiteElo "2043"]
[BlackElo "2518"]
[PlyCount "79"]
[EventDate "2009.12.??"]
[EventType "swiss"]
[EventRounds "7"]
[EventCountry "FRA"]

1. e4 e6 2. d4 d5 3. Nc3 Nf6 4. Bg5 Bb4 5. e5 h6 6. Bd2 Bxc3 7. bxc3 Ne4 8. Qg4
g6 9. h4 c5 10. Bd3 Nxd2 11. Kxd2 c4 12. Be2 Nd7 13. f4 Rg8 14. Nf3 Qe7 15. a3
f5 16. Qg3 Nf8 17. Qf2 Bd7 18. Nh2 O-O-O 19. g3 g5 20. Bh5 gxh4 21. gxh4 Be8
22. Be2 Rd7 23. Nf1 Qd8 24. Ne3 Rdg7 25. Rh2 Nd7 26. Rg2 Rxg2 27. Nxg2 Nb6 28.
Ne3 Na4 29. Nd1 Qe7 30. Ne3 Qd8 31. Nd1 Qc7 32. Ne3 Qa5 33. Nd1 b5 34. Bf3 Qd8
35. Ne3 Qa5 36. Nd1 Rg7 37. Be2 Qd8 38. Bf3 Qe7 39. Ne3 Bf7 40. Bxd5 1/2-1/2

[Event "Open de Rouen 2009"]
[Site "Rouen"]
[Date "2009.12.19"]
[Round "1.4"]
[White "Hervais, Adrien"]
[Black "Tirard, Hugo"]
[Result "0-1"]
[WhiteElo "2035"]
[BlackElo "2444"]
[PlyCount "104"]
[EventDate "2009.12.??"]
[EventType "swiss"]
[EventRounds "7"]
[EventCountry "FRA"]

1. e4 c5 2. Nf3 Nc6 3. d3 g6 4. g3 Bg7 5. Bg2 Nf6 6. O-O O-O 7. Re1 d6 8. d4
cxd4 9. Nxd4 Nxd4 10. Qxd4 Ng4 11. Qb4 a5 12. Qb3 Bd4 13. Re2 Be6 14. Qb5 Ne5
15. Na3 Bc5 16. Rd2 f5 17. Qxc5 dxc5 18. Rxd8 Raxd8 19. Bh6 Rfe8 20. exf5 Bxf5
21. Bxb7 Rd7 22. Bf4 Rxb7 23. Bxe5 Rd8 24. Bc3 a4 25. Re1 Bh3 26. Nc4 Rbd7 27.
Ne3 Be6 28. a3 Kf7 29. Ng2 Rd1 30. Ne3 Rxe1+ 31. Bxe1 Bd5 32. f4 Be4 33. Kf2
Ke6 34. Bc3 h6 35. h4 Rg8 36. Ng4 Bxc2 37. Nxh6 Rd8 38. Ng4 Rd1 39. Ne3 Rh1 40.
Nxc2 Rh2+ 41. Ke3 Rxc2 42. Kf3 Kd5 43. g4 Rh2 44. Kg3 Rh1 45. Bg7 Ke4 46. g5
Rg1+ 47. Kf2 Rg4 48. Be5 Rxh4 49. Kg3 Rh5 50. Kg4 Rh1 51. Kg3 Rg1+ 52. Kh4 Kf3
0-1

[Event "Open de Rouen 2009"]
[Site "Rouen"]
[Date "2009.12.19"]
[Round "1.5"]
[White "Colin, Vincent"]
[Black "Koch, Alain"]
[Result "1-0"]
[WhiteElo "2441"]
[BlackElo "1994"]
[PlyCount "63"]
[EventDate "2009.12.??"]
[EventType "swiss"]
[EventRounds "7"]
[EventCountry "FRA"]

1. d4 d5 2. c4 e6 3. Nc3 Nf6 4. cxd5 exd5 5. Bg5 Be7 6. e3 O-O 7. Bd3 c6 8. Qc2
h6 9. Bf4 Bd6 10. Bg3 Bg4 11. f3 Bc8 12. Bf2 Qc7 13. Nge2 Re8 14. h3 Nh5 15. f4
Nf6 16. g4 Bxf4 17. exf4 Qxf4 18. O-O Qf3 19. Bg3 Qe3+ 20. Kh2 Bxg4 21. Rxf6
Bxe2 22. Bh7+ Kh8 23. Re1 Qxd4 24. Rxf7 Na6 25. Nxe2 Qc4 26. Qxc4 dxc4 27. Bg6
Nc5 28. Nf4 Rxe1 29. Bxe1 Nd3 30. Nxd3 cxd3 31. Bc3 Rd8 32. Bxg7+ 1-0

[Event "Open de Rouen 2009"]
[Site "Rouen"]
[Date "2009.12.19"]
[Round "1.6"]
[White "Ashanina, Olga"]
[Black "Shirazi, Kamran "]
[Result "0-1"]
[WhiteElo "1980"]
[BlackElo "2433"]
[PlyCount "54"]
[EventDate "2009.12.??"]
[EventType "swiss"]
[EventRounds "7"]
[EventCountry "FRA"]

1. e4 e5 2. Nf3 Nc6 3. Bb5 f5 4. d3 Nf6 5. O-O d6 6. Re1 fxe4 7. dxe4 Be7 8. h3
O-O 9. Bc4+ Kh8 10. Nc3 Na5 11. Bd3 Be6 12. b3 Nc6 13. Ng5 Bg8 14. Ne2 Nh5 15.
Nf3 Bh4 16. Be3 Be6 17. Kh1 Rxf3 18. gxf3 Qf6 19. Ng3 Nf4 20. Bxf4 exf4 21. Nf5
Bxf2 22. Rf1 Bb6 23. Qd2 g6 24. Nh6 Qh4 25. Ng4 h5 26. Qxf4 hxg4 27. fxg4 Bd4
0-1

[Event "Open de Rouen 2009"]
[Site "Rouen"]
[Date "2009.12.19"]
[Round "1.7"]
[White "Marholev, Dimitar"]
[Black "Leguillon, David"]
[Result "1-0"]
[WhiteElo "2417"]
[BlackElo "1974"]
[PlyCount "45"]
[EventDate "2009.12.??"]
[EventType "swiss"]
[EventRounds "7"]
[EventCountry "FRA"]

1. e4 e6 2. d4 d5 3. Nd2 c5 4. Ngf3 Nc6 5. exd5 exd5 6. Bb5 Bd6 7. dxc5 Qe7+ 8.
Qe2 Qxe2+ 9. Kxe2 Bxc5 10. Nb3 Bb6 11. Re1 f6 12. Kf1+ Kf7 13. Be3 Bxe3 14.
Rxe3 a6 15. Bxc6 bxc6 16. Nfd4 Bd7 17. Nc5 Be8 18. Nf5 Nh6 19. Nd6+ Kf8 20.
Ne6+ Ke7 21. Nxe8 Nf5 22. Ree1 Raxe8 23. Nxg7+ 1-0

[Event "Open de Rouen 2009"]
[Site "Rouen"]
[Date "2009.12.19"]
[Round "1.8"]
[White "Levesque, Thomas"]
[Black "Mladenov, Plamen"]
[Result "0-1"]
[WhiteElo "2405"]
[BlackElo "1974"]
[PlyCount "49"]
[EventDate "2009.12.??"]
[EventType "swiss"]
[EventRounds "7"]
[EventCountry "FRA"]

1. d4 Nf6 2. c4 g6 3. Nc3 d5 4. cxd5 Nxd5 5. e4 Nxc3 6. bxc3 Bg7 7. Be3 O-O 8.
f4 c5 9. Nf3 Nc6 10. e5 cxd4 11. cxd4 Nb4 12. a3 Nd5 13. Qd2 Bf5 14. Bc4 Rc8
15. Bxd5 Qxd5 16. O-O Be6 17. Rac1 Rxc1 18. Qxc1 f6 19. Qc5 Qxc5 20. dxc5 Bd5
21. exf6 Bxf6 22. c6 Bxc6 23. Bxa7 Rf7 24. Bd4 Bxf3 25. Bxf6 0-1

[Event "Open de Rouen 2009"]
[Site "Rouen"]
[Date "2009.12.19"]
[Round "1.9"]
[White "Seret, Jean Luc"]
[Black "Andrieu, Philippe"]
[Result "1-0"]
[WhiteElo "2384"]
[BlackElo "1970"]
[PlyCount "75"]
[EventDate "2009.12.??"]
[EventType "swiss"]
[EventRounds "7"]
[EventCountry "FRA"]

1. e4 Nc6 2. Bb5 b6 3. Nf3 Bb7 4. d4 e6 5. O-O Nf6 6. Re1 h6 7. d5 Ne7 8. dxe6
fxe6 9. e5 Nfd5 10. Nd4 c6 11. Bd3 g6 12. c4 Nb4 13. Bf1 Bg7 14. Nc3 O-O 15. a3
Na6 16. Ne4 c5 17. Nb5 Nf5 18. Ned6 Bc6 19. Nxf5 Rxf5 20. f4 Nc7 21. Nd6 Rf8
22. Bd3 Ne8 23. Nb5 d5 24. Bxg6 d4 25. Qg4 Qd7 26. Bd2 a6 27. Bxe8 Raxe8 28.
Nd6 Re7 29. b4 Rd8 30. bxc5 bxc5 31. f5 exf5 32. Nxf5 Kh8 33. e6 Qe8 34. Qh3
Rxe6 35. Nxg7 Rxe1+ 36. Rxe1 Qg6 37. Ne6 Rg8 38. Nf4 1-0

[Event "Open de Rouen 2009"]
[Site "Rouen"]
[Date "2009.12.19"]
[Round "1.10"]
[White "Guillaumat, Jean Pierre"]
[Black "Bergez, Luc"]
[Result "0-1"]
[WhiteElo "1952"]
[BlackElo "2382"]
[PlyCount "74"]
[EventDate "2009.12.??"]
[EventType "swiss"]
[EventRounds "7"]
[EventCountry "FRA"]

1. d4 Nf6 2. Nf3 g6 3. c4 Bg7 4. Nc3 O-O 5. e4 d6 6. Bd3 e5 7. d5 a5 8. h3 Na6
9. O-O Nh5 10. Bg5 Qe8 11. Qd2 f6 12. Bh6 Bxh6 13. Qxh6 Nf4 14. Bc2 Rf7 15.
Rae1 Qe7 16. Ne2 Nb4 17. Bb1 Nfd3 18. a3 Nxe1 19. Rxe1 Na6 20. Ng3 a4 21. Nh4
Nc5 22. Re3 Qf8 23. Qxf8+ Kxf8 24. Ne2 Ra5 25. g4 b5 26. Ba2 Ba6 27. cxb5 Rxb5
28. Bc4 Rxb2 29. Bxa6 Nxa6 30. Ng2 Kg7 31. Ne1 Nc5 32. Kg2 Rf8 33. Kg3 Rfb8 34.
Nc1 Rd2 35. Nf3 Rc2 36. Nd3 Nxd3 37. Rxd3 Rb6 0-1

[Event "Open de Rouen 2009"]
[Site "Rouen"]
[Date "2009.12.20"]
[Round "2.1"]
[White "Bergez, Luc"]
[Black "Fedorchuk, Sergey A"]
[Result "1/2-1/2"]
[WhiteElo "2382"]
[BlackElo "2619"]
[PlyCount "76"]
[EventDate "2009.12.??"]
[EventType "swiss"]
[EventRounds "7"]
[EventCountry "FRA"]

1. e4 c5 2. Nf3 Nc6 3. c3 d5 4. exd5 Qxd5 5. d4 e6 6. Bd3 Nf6 7. O-O Be7 8. c4
Qd8 9. dxc5 Bxc5 10. a3 b6 11. b4 Bd6 12. Bb2 Bb7 13. Qc2 Qc7 14. Nbd2 Ne5 15.
Nxe5 Bxe5 16. Bxe5 Qxe5 17. Rae1 Qc7 18. Ne4 Ng4 19. f4 Rd8 20. h3 Qd7 21. hxg4
Qxd3 22. Qa4+ Ke7 23. Qxa7 Rd7 24. Qxb6 Bxe4 25. Qc5+ Kd8 26. Rd1 Qc2 27. Rxd7+
Kxd7 28. Qd4+ Ke7 29. Qc5+ Kd7 30. Qd4+ Kc8 31. Qc5+ Kb7 32. Qb5+ Kc7 33. Qa5+
Kb8 34. Qe5+ Kb7 35. Qb5+ Kc7 36. Qa5+ Kd7 37. Qa7+ Kc8 38. Qc5+ Kb7 1/2-1/2

[Event "Open de Rouen 2009"]
[Site "Rouen"]
[Date "2009.12.20"]
[Round "2.2"]
[White "Tirard, Hugo"]
[Black "Milchev, Nikolay"]
[Result "0-1"]
[WhiteElo "2500"]
[BlackElo "2444"]
[PlyCount "28"]
[EventDate "2009.12.??"]
[EventType "swiss"]
[EventRounds "7"]
[EventCountry "FRA"]

1. e4 e5 2. Nf3 Nf6 3. Nxe5 d6 4. Nf3 Nxe4 5. d4 d5 6. Bd3 Nc6 7. O-O Be7 8.
Re1 Bg4 9. c3 h5 10. Nbd2 O-O 11. Qb3 Kh8 12. Ne5 Nxe5 13. dxe5 Bc5 14. Rf1
Nxf2 0-1

[Event "Open de Rouen 2009"]
[Site "Rouen"]
[Date "2009.12.20"]
[Round "2.3"]
[White "Gervais, Victor"]
[Black "Colin, Vincent"]
[Result "1-0"]
[WhiteElo "2313"]
[BlackElo "2441"]
[PlyCount "137"]
[EventDate "2009.12.??"]
[EventType "swiss"]
[EventRounds "7"]
[EventCountry "FRA"]

1. d4 Nf6 2. Nf3 g6 3. h3 c5 4. c3 b6 5. Bf4 Ba6 6. Qa4 Qc8 7. Nbd2 Bg7 8. dxc5
bxc5 9. e4 Bxf1 10. Nxf1 O-O 11. N1d2 d6 12. O-O Nfd7 13. Rfe1 Nc6 14. Rad1 Rb8
15. Qc2 Qa6 16. b3 Rfc8 17. Nc4 f6 18. Bg3 Nb6 19. Nfd2 Qb7 20. f4 a5 21. Nxb6
Qxb6 22. Nc4 Qb7 23. e5 fxe5 24. fxe5 d5 25. Rxd5 Nb4 26. cxb4 Qxd5 27. bxa5
Rd8 28. Qe4 Qe6 29. Qg4 Qxg4 30. hxg4 Bh6 31. Bf2 Bd2 32. Re2 Bc3 33. Bxc5 Bd4+
34. Bxd4 Rxd4 35. Kf2 Kf7 36. g5 Ke6 37. Ke3 Rbd8 38. Rc2 Rg4 39. Kf3 Rgd4 40.
Ke3 Rd3+ 41. Ke2 Rg3 42. Kf2 Rxg5 43. b4 Rc8 44. b5 Rf5+ 45. Kg1 Rxe5 46. b6
Rb5 47. a6 Ra8 48. a4 Rb1+ 49. Kf2 Rxa6 50. a5 Kd5 51. Ke3 Rb3+ 52. Kd2 Kd4 53.
Kc1 Rb4 54. Kd2 Rb3 55. Kc1 Ra8 56. Nd2 Rb5 57. Rb2 Rxb2 58. Kxb2 Kc5 59. Nb3+
Kc6 60. Kc3 e5 61. Kb4 h5 62. Nc5 h4 63. b7 Rb8 64. a6 g5 65. Kc4 Kb6 66. Nd7+
Ka7 67. Nxb8 Kxb8 68. Kd5 g4 69. Kc6 1-0

[Event "Open de Rouen 2009"]
[Site "Rouen"]
[Date "2009.12.20"]
[Round "2.5"]
[White "Vaugeois, Cyrille"]
[Black "Marholev, Dimitar"]
[Result "0-1"]
[WhiteElo "2177"]
[BlackElo "2417"]
[PlyCount "85"]
[EventDate "2009.12.??"]
[EventType "swiss"]
[EventRounds "7"]
[EventCountry "FRA"]

1. e4 e5 2. Nf3 Nc6 3. Nc3 g6 4. Bc4 Bg7 5. d3 Nf6 6. Bg5 h6 7. Be3 d6 8. h3
Na5 9. Bb3 Nxb3 10. axb3 b6 11. d4 exd4 12. Bxd4 O-O 13. O-O Bb7 14. Re1 Re8
15. Qd3 a6 16. Bxf6 Qxf6 17. Rab1 b5 18. Nd5 Qd8 19. c3 c6 20. Ne3 Qe7 21. Nf1
Rad8 22. Ng3 h5 23. Rbd1 c5 24. Nd2 d5 25. Qb1 d4 26. c4 h4 27. Ngf1 Bh6 28.
Qd3 b4 29. f3 Bf4 30. Re2 Qg5 31. Rde1 Bc8 32. Kh1 Re7 33. Nb1 Rde8 34. Nbd2
Kg7 35. Nb1 Re5 36. Nbd2 Qe7 37. Nb1 f5 38. Nbd2 Bb7 39. Ra1 fxe4 40. fxe4 Bxe4
41. Nxe4 Rxe4 42. Rf2 Qd6 43. Qf3 0-1

[Event "Open de Rouen 2009"]
[Site "Rouen"]
[Date "2009.12.20"]
[Round "2.6"]
[White "Mladenov, Plamen"]
[Black "Hure, Damien"]
[Result "1-0"]
[WhiteElo "2402"]
[BlackElo "2167"]
[PlyCount "45"]
[EventDate "2009.12.??"]
[EventType "swiss"]
[EventRounds "7"]
[EventCountry "FRA"]

1. e4 c5 2. Nc3 Nc6 3. Bb5 g6 4. f4 Nd4 5. Bc4 Bg7 6. Nf3 d6 7. O-O e6 8. d3
Ne7 9. f5 d5 10. fxg6 hxg6 11. Bb3 b5 12. e5 Nef5 13. g4 Nxf3+ 14. Qxf3 Qh4 15.
h3 Qg3+ 16. Qxg3 Nxg3 17. Re1 c4 18. Nxb5 cxb3 19. Nc7+ Kd8 20. Nxa8 bxc2 21.
Kg2 Ba6 22. Kxg3 Bxd3 23. Bf4 1-0

[Event "Open de Rouen 2009"]
[Site "Rouen"]
[Date "2009.12.20"]
[Round "2.7"]
[White "Adyel, Samir"]
[Black "Seret, Jean Luc"]
[Result "0-1"]
[WhiteElo "2149"]
[BlackElo "2384"]
[PlyCount "104"]
[EventDate "2009.12.??"]
[EventType "swiss"]
[EventRounds "7"]
[EventCountry "FRA"]

1. d4 d6 2. e4 Nf6 3. Nc3 Nbd7 4. Be3 e5 5. d5 Be7 6. f3 O-O 7. g4 Ne8 8. Nge2
Bg5 9. Qd2 Bxe3 10. Qxe3 c6 11. O-O-O Nb6 12. Kb1 cxd5 13. Nxd5 Nxd5 14. Rxd5
Be6 15. Rd1 b5 16. Nc3 a6 17. Be2 Rc8 18. Rd2 Rc6 19. Rhd1 Nf6 20. Nd5 Bxd5 21.
exd5 Rc5 22. Bd3 g6 23. Be4 Kg7 24. h3 Qe7 25. Qf2 Rc4 26. Re1 Rb8 27. h4 a5
28. h5 a4 29. hxg6 hxg6 30. Rh1 Rcc8 31. Qe3 Rh8 32. Rdh2 Nxe4 33. Rxh8 Rxh8
34. Rxh8 Kxh8 35. Qxe4 Qa7 36. a3 Qc5 37. Kc1 Kg7 38. Kd2 Kf6 39. Kd3 Qf2 40.
Qe3 Qf1+ 41. Qe2 Qc1 42. Kc3 Qf4 43. Qd3 Kg5 44. b3 f5 45. gxf5 gxf5 46. Qd1
Qe3+ 47. Kb2 Qd4+ 48. Kc1 Kf4 49. bxa4 bxa4 50. Qd2+ Qxd2+ 51. Kxd2 Kxf3 52. c4
Ke4 0-1

[Event "Open de Rouen 2009"]
[Site "Rouen"]
[Date "2009.12.20"]
[Round "2.9"]
[White "Libiszewski, Fabien"]
[Black "Cristol, Marc"]
[Result "0-1"]
[WhiteElo "2518"]
[BlackElo "1921"]
[PlyCount "77"]
[EventDate "2009.12.??"]
[EventType "swiss"]
[EventRounds "7"]
[EventCountry "FRA"]

1. e4 c5 2. Nf3 d6 3. Bc4 e6 4. c3 a6 5. Bb3 b5 6. d4 Bb7 7. Nbd2 Nf6 8. Bc2
Be7 9. O-O Qc7 10. Re1 Nbd7 11. Nf1 cxd4 12. cxd4 Rc8 13. Bd3 e5 14. Ng3 O-O
15. Nf5 Rfe8 16. Nxe7+ Rxe7 17. Bg5 Ree8 18. d5 h6 19. Bd2 Nc5 20. Rc1 Nxd3 21.
Rxc7 Rxc7 22. Ba5 Nxb2 23. Qb1 Rc4 24. Nd2 Ra4 25. Qxb2 Rxa5 26. Rc1 Ra4 27.
Rc7 Bc8 28. f3 Bd7 29. Qc2 Rd8 30. Nb3 Kf8 31. h3 Ne8 32. Ra7 Rc8 33. Qf2 Ke7
34. Kh2 Rc7 35. Rxc7 Nxc7 36. Qb6 Rc4 37. Na5 Rc2 38. Nb7 Ne8 39. Qd8+ 0-1

[Event "Open de Rouen 2009"]
[Site "Rouen"]
[Date "2009.12.20"]
[Round "2.10"]
[White "Vigneron, Frederic"]
[Black "Okhotnik, Vladimir"]
[Result "1-0"]
[WhiteElo "1934"]
[BlackElo "2463"]
[PlyCount "68"]
[EventDate "2009.12.??"]
[EventType "swiss"]
[EventRounds "7"]
[EventCountry "FRA"]

1. d4 d6 2. c4 e5 3. dxe5 dxe5 4. Qxd8+ Kxd8 5. Nc3 Be6 6. e4 c6 7. Be3 Nd7 8.
O-O-O f6 9. f4 Kc8 10. g3 Nh6 11. h3 Bc5 12. Bd2 Nb6 13. b3 Nf7 14. Nf3 Kc7 15.
fxe5 fxe5 16. Be2 a5 17. a4 Rhf8 18. g4 Nd7 19. Ng5 Nxg5 20. Bxg5 Bd4 21. Kc2
Nc5 22. Be7 Rf4 23. Bxc5 Bxc5 24. Rhf1 g5 25. h4 gxh4 26. Rxf4 exf4 27. Rf1 Rg8
28. Rxf4 h3 29. Bf3 h2 30. Ne2 Bd6 31. Nd4 Bxf4 32. Nxe6+ Kd6 33. Nxf4 Rf8 34.
e5+ Ke7 1-0

[Event "Open de Rouen 2009"]
[Site "Rouen"]
[Date "2009.12.20"]
[Round "3.1"]
[White "Seret, Jean Luc"]
[Black "Shirazi, Kamran "]
[Result "1-0"]
[WhiteElo "2384"]
[BlackElo "2433"]
[PlyCount "39"]
[EventDate "2009.12.??"]
[EventType "swiss"]
[EventRounds "7"]
[EventCountry "FRA"]

1. e4 e5 2. Nf3 Nc6 3. Be2 f5 4. d4 d6 5. Nc3 fxe4 6. Nxe4 d5 7. Ng3 e4 8. Ne5
Nxe5 9. dxe5 Be6 10. c4 dxc4 11. O-O Bd5 12. Qc2 Qe7 13. Bxc4 O-O-O 14. Be3
Qxe5 15. Bxa7 Bc6 16. Rad1 Re8 17. Be2 Nf6 18. Qxc6 Bd6 19. Qa4 b6 20. Bxb6 1-0

[Event "Open de Rouen 2009"]
[Site "Rouen"]
[Date "2009.12.20"]
[Round "3.2"]
[White "Marholev, Dimitar"]
[Black "Gervais, Victor"]
[Result "1/2-1/2"]
[WhiteElo "2417"]
[BlackElo "2313"]
[PlyCount "115"]
[EventDate "2009.12.??"]
[EventType "swiss"]
[EventRounds "7"]
[EventCountry "FRA"]

1. c4 d6 2. d4 Nf6 3. Nc3 g6 4. e4 Nbd7 5. Nf3 Bg7 6. h3 e5 7. Be3 O-O 8. d5
Nc5 9. Nd2 a5 10. g4 Ne8 11. Rg1 Kh8 12. h4 Qxh4 13. g5 f5 14. Qc2 fxe4 15.
Ndxe4 Nxe4 16. Nxe4 Rf3 17. O-O-O Bf5 18. Bd3 c6 19. Rh1 Rh3 20. Ng3 e4 21.
Rxh3 Qxh3 22. Bxe4 Bxe4 23. Qxe4 Qd7 24. Rh1 Kg8 25. dxc6 bxc6 26. Qh4 Bh8 27.
Bd4 d5 28. Bxh8 Kxh8 29. Rd1 Rd8 30. Qd4+ Qg7 31. Qb6 Qc7 32. Qd4+ Qg7 33. Ne4
Qxd4 34. Rxd4 Ng7 35. cxd5 Rxd5 36. Rc4 Ne6 37. Rxc6 Nxg5 38. Rc5 Rxc5+ 39.
Nxc5 Nh3 40. a4 Nf4 41. Kd2 h5 42. Ke3 g5 43. Kf3 Kg7 44. Nb7 Nd3 45. b3 Ne5+
46. Ke4 Nc6 47. Kf5 h4 48. Kxg5 h3 49. Nd6 Nd4 50. Ne4 Nxb3 51. Kg4 Nc5 52. Ng3
h2 53. Kh3 Nxa4 54. Kxh2 Nc3 55. Nf5+ Kf6 56. Ne3 a4 57. Nc2 Ne4 58. Kg2
1/2-1/2

[Event "Open de Rouen 2009"]
[Site "Rouen"]
[Date "2009.12.20"]
[Round "3.3"]
[White "Milchev, Nikolay"]
[Black "Mladenov, Plamen"]
[Result "1/2-1/2"]
[WhiteElo "2361"]
[BlackElo "2402"]
[PlyCount "37"]
[EventDate "2009.12.??"]
[EventType "swiss"]
[EventRounds "7"]
[EventCountry "FRA"]

1. e4 e5 2. Nf3 Nf6 3. Nxe5 d6 4. Nf3 Nxe4 5. Nc3 Nxc3 6. dxc3 Be7 7. Bf4 O-O
8. Qd2 Nd7 9. O-O-O Nc5 10. Bc4 Be6 11. Bxe6 Nxe6 12. Be3 Qd7 13. Rhe1 Rfe8 14.
Ng5 Nxg5 15. Bxg5 Bxg5 16. Qxg5 Rxe1 17. Rxe1 Re8 18. Rxe8+ Qxe8 19. Kd2
1/2-1/2

[Event "Open de Rouen 2009"]
[Site "Rouen"]
[Date "2009.12.20"]
[Round "3.4"]
[White "Fedorchuk, Sergey A"]
[Black "Douyere, Joel"]
[Result "1-0"]
[WhiteElo "2619"]
[BlackElo "1730"]
[PlyCount "53"]
[EventDate "2009.12.??"]
[EventType "swiss"]
[EventRounds "7"]
[EventCountry "FRA"]

1. e4 c5 2. Nf3 Nc6 3. Bb5 a6 4. Bxc6 bxc6 5. O-O d6 6. d4 cxd4 7. Nxd4 c5 8.
Nf3 Bb7 9. Nc3 e5 10. Qe2 Ne7 11. Qc4 h6 12. Rd1 Qc7 13. b4 Nc8 14. bxc5 Nb6
15. Qb3 Qxc5 16. Be3 Qc6 17. Bxb6 Rc8 18. Nd5 Qxc2 19. Nc7+ Rxc7 20. Bxc7 Qxc7
21. Rac1 Qe7 22. Nxe5 Qxe5 23. Qxb7 Be7 24. Qc6+ Kf8 25. Qc8+ Bd8 26. Qxd8+ Qe8
27. Rc8 1-0

[Event "Open de Rouen 2009"]
[Site "Rouen"]
[Date "2009.12.20"]
[Round "3.5"]
[White "Lefebvre, Richard"]
[Black "Libiszewski, Fabien"]
[Result "0-1"]
[WhiteElo "1860"]
[BlackElo "2518"]
[PlyCount "52"]
[EventDate "2009.12.??"]
[EventType "swiss"]
[EventRounds "7"]
[EventCountry "FRA"]

1. e4 c5 2. Nf3 Nc6 3. d4 cxd4 4. Nxd4 e5 5. Nb5 d6 6. c4 Be7 7. N1c3 a6 8. Na3
Be6 9. Be2 Bg5 10. Nc2 Bxc1 11. Rxc1 Nf6 12. O-O O-O 13. Ne3 Qb6 14. Qd2 Rfd8
15. Kh1 Rac8 16. f4 Qd4 17. Bd3 exf4 18. Nc2 Qe5 19. Rxf4 Ne7 20. Nd5 Bxd5 21.
exd5 Qxb2 22. Rcf1 Ng6 23. Rf5 Ne5 24. Rxf6 gxf6 25. Bf5 Rxc4 26. Qh6 Ng6 0-1

[Event "Open de Rouen 2009"]
[Site "Rouen"]
[Date "2009.12.20"]
[Round "3.6"]
[White "Duval, Simon"]
[Black "Bergez, Luc"]
[Result "0-1"]
[WhiteElo "1643"]
[BlackElo "2382"]
[PlyCount "54"]
[EventDate "2009.12.??"]
[EventType "swiss"]
[EventRounds "7"]
[EventCountry "FRA"]

1. d4 Nf6 2. c4 e5 3. d5 Bc5 4. Nc3 d6 5. Bg5 Bxf2+ 6. Kxf2 Ng4+ 7. Ke1 Qxg5 8.
Nf3 Qe3 9. Qd3 Qf2+ 10. Kd2 Qb6 11. Qc2 Ne3 12. Qb3 Nxc4+ 13. Kc2 Ne3+ 14. Kd2
Na6 15. Qxb6 Nxf1+ 16. Rhxf1 axb6 17. Rf2 Bd7 18. Rc1 b5 19. Nh4 b4 20. Ne4 b6
21. Nf5 Bxf5 22. Rxf5 Nc5 23. Nxc5 bxc5 24. Ra1 Ke7 25. Kd3 Ra4 26. Rg5 g6 27.
Rg4 f5 0-1

[Event "Open de Rouen 2009"]
[Site "Rouen"]
[Date "2009.12.20"]
[Round "3.7"]
[White "Le Clezio, Sylvain"]
[Black "Le Berre, Tennessee"]
[Result "1-0"]
[WhiteElo "2043"]
[BlackElo "1822"]
[PlyCount "75"]
[EventDate "2009.12.??"]
[EventType "swiss"]
[EventRounds "7"]
[EventCountry "FRA"]

1. e4 c5 2. Nc3 Nc6 3. g3 g6 4. Bg2 Bg7 5. d3 Nf6 6. Be3 d6 7. h3 Bd7 8. Qd2
Qb6 9. Nd1 O-O 10. Bh6 Qc7 11. h4 Ne5 12. Bxg7 Kxg7 13. Ne3 c4 14. d4 Neg4 15.
Nxg4 Bxg4 16. f3 Bd7 17. h5 e5 18. hxg6 fxg6 19. Ne2 Kg8 20. O-O b5 21. Rfd1
Rab8 22. b4 a5 23. a3 axb4 24. axb4 Ra8 25. dxe5 dxe5 26. Qe3 Bc6 27. Nc3 Rfd8
28. Rxd8+ Qxd8 29. Rd1 Qc7 30. Qc5 Qa7 31. Qxa7 Rxa7 32. Rd6 Ra3 33. Rxc6 Rxc3
34. Rxf6 Rxc2 35. Rb6 c3 36. Rxb5 Rd2 37. Rc5 c2 38. Bf1 1-0

[Event "Open de Rouen 2009"]
[Site "Rouen"]
[Date "2009.12.20"]
[Round "3.10"]
[White "Okhotnik, Vladimir"]
[Black "Sarafian, Thomas"]
[Result "1-0"]
[WhiteElo "2463"]
[BlackElo "1710"]
[PlyCount "31"]
[EventDate "2009.12.??"]
[EventType "swiss"]
[EventRounds "7"]
[EventCountry "FRA"]

1. e4 c5 2. Nf3 Nc6 3. Bb5 Nf6 4. e5 Nd5 5. Nc3 Nxc3 6. dxc3 g6 7. Bc4 h6 8.
Bf4 Bg7 9. Qd5 O-O 10. Qxc5 b6 11. Qe3 Kh7 12. O-O Qe8 13. h4 Rh8 14. h5 Bb7
15. hxg6+ fxg6 16. Ng5+ 1-0

[Event "Open de Rouen 2009"]
[Site "Rouen"]
[Date "2009.12.21"]
[Round "4.1"]
[White "Libiszewski, Fabien"]
[Black "Seret, Jean Luc"]
[Result "0-1"]
[WhiteElo "2518"]
[BlackElo "2384"]
[PlyCount "72"]
[EventDate "2009.12.??"]
[EventType "swiss"]
[EventRounds "7"]
[EventCountry "FRA"]

1. e4 d6 2. d4 Nf6 3. Nc3 Nbd7 4. f4 e5 5. Nf3 exd4 6. Qxd4 c6 7. Be3 d5 8.
exd5 Bc5 9. Qd3 Qe7 10. Nd4 Nxd5 11. Nxd5 cxd5 12. Nf5 Qf6 13. O-O-O O-O 14. g4
Re8 15. g5 Qg6 16. Bg2 Nf8 17. Nh6+ gxh6 18. Bxc5 Bf5 19. Qxd5 Ne6 20. Rhe1
Nxf4 21. Rxe8+ Rxe8 22. Qd8 Qe6 23. gxh6 Nxg2 24. Kb1 f6 25. Qc7 Qf7 26. Qd6
Bg6 27. Rc1 Ne1 28. Qg3 Rc8 29. Rxe1 Rxc5 30. h4 Re5 31. Rd1 Qc7 32. Qb3+ Kf8
33. h5 Rxh5 34. Ka1 Rxh6 35. Qe6 Bf7 36. Qe4 Qe7 0-1

[Event "Open de Rouen 2009"]
[Site "Rouen"]
[Date "2009.12.21"]
[Round "4.2"]
[White "Gervais, Victor"]
[Black "Fedorchuk, Sergey A"]
[Result "0-1"]
[WhiteElo "2313"]
[BlackElo "2619"]
[PlyCount "58"]
[EventDate "2009.12.??"]
[EventType "swiss"]
[EventRounds "7"]
[EventCountry "FRA"]

1. d4 Nf6 2. Nf3 e6 3. c4 b6 4. g3 Ba6 5. Qc2 Bb7 6. Nc3 c5 7. e4 cxd4 8. Nxd4
Qc8 9. f3 Bc5 10. Be3 O-O 11. O-O-O Nc6 12. Kb1 Re8 13. Qd2 Ne5 14. Be2 d5 15.
cxd5 exd5 16. f4 Nc4 17. Bxc4 dxc4 18. e5 Ne4 19. Qc2 Nxc3+ 20. Qxc3 Bxh1 21.
Rxh1 Qb7 22. Re1 Rad8 23. Nc2 Bxe3 24. Qxe3 Rd3 25. Qe2 Qd7 26. h3 c3 27. b4
Qd5 28. Ka1 Rd2 29. Ne3 Qxa2# 0-1

[Event "Open de Rouen 2009"]
[Site "Rouen"]
[Date "2009.12.21"]
[Round "4.3"]
[White "Bondel, Jerome"]
[Black "Marholev, Dimitar"]
[Result "0-1"]
[WhiteElo "1865"]
[BlackElo "2417"]
[PlyCount "88"]
[EventDate "2009.12.??"]
[EventType "swiss"]
[EventRounds "7"]
[EventCountry "FRA"]

1. d4 Nf6 2. Nf3 c5 3. c3 b6 4. g3 Bb7 5. Bg2 g6 6. O-O Bg7 7. dxc5 bxc5 8. Qb3
Qb6 9. Ne5 Qxb3 10. axb3 Bxg2 11. Kxg2 d6 12. Nc4 Nc6 13. Na5 Kd7 14. Nxc6 Kxc6
15. Nd2 d5 16. Nf3 Ne4 17. Ra6+ Kb5 18. Ra3 e5 19. Rd1 d4 20. Nd2 Nd6 21. e4
Rhb8 22. f3 f5 23. exf5 gxf5 24. Re1 Re8 25. Ra4 e4 26. fxe4 fxe4 27. Nc4 Nxc4
28. Rxc4 e3 29. Kf3 Rad8 30. Bxe3 dxe3 31. Rxe3 Rxe3+ 32. Kxe3 Bh6+ 33. Kf3 Bc1
34. Rh4 Rd7 35. b4 Bxb2 36. bxc5 Bxc3 37. c6 Rc7 38. Ke3 a5 39. Kd3 Bh8 40. Kc2
Rxc6+ 41. Kb1 a4 42. Rh5+ Kb4 43. Rh4+ Kb3 44. g4 Rd6 0-1

[Event "Open de Rouen 2009"]
[Site "Rouen"]
[Date "2009.12.21"]
[Round "4.4"]
[White "Mladenov, Plamen"]
[Black "Le Clezio, Sylvain"]
[Result "1-0"]
[WhiteElo "2402"]
[BlackElo "2045"]
[PlyCount "59"]
[EventDate "2009.12.??"]
[EventType "swiss"]
[EventRounds "7"]
[EventCountry "FRA"]

1. d4 Nf6 2. Bg5 g6 3. Bxf6 exf6 4. c4 d5 5. Nc3 dxc4 6. e3 Bg7 7. Bxc4 O-O 8.
Nge2 c6 9. O-O b5 10. Bb3 Bb7 11. Ne4 a6 12. Nf4 Ra7 13. Rc1 Qe7 14. Nc5 Rd8
15. Qf3 f5 16. Rfd1 Ba8 17. Nfd3 Rc7 18. g3 Bh8 19. h4 h5 20. Nf4 Kh7 21. Nh3
Bf6 22. Re1 Kg7 23. Nf4 Re8 24. e4 Bxd4 25. Nfe6+ fxe6 26. Nxe6+ Kh7 27. exf5
c5 28. fxg6+ Kxg6 29. Bc2+ Kh6 30. Qf4+ 1-0